000 00790cab a2200241 4500
001 WB3325-23
008 090401t1997 xxu||||| |||| 00| 0 eng d
035 _a(Sirsi) u79223
041 _aeng
245 _aSocial housing and PFI
260 _c1997
350 _a0
490 _aContract Journal
_v18 June 1997, 3(1)
520 _aThe head of the Public Private Partnership Programme (PPP) claims that investment for social housing developments could increase dramatically if capital receipts are released through PFI.
650 _aCAPITAL RECEIPTS
650 _aPFI
650 _aPUBLIC PRIVATE PARTNERSHIPS
650 _aPUBLIC PRIVATE PARTNERSHIPS
650 _aSOCIAL HOUSING
690 _aPROPERTY-PROPERTY FINANCE AND INVESTMENT
942 _n0
948 _c25/06/1997
999 _c49810
_d49810